Libraries and documentation centres in the Netherlands.

Bewaard in:
Bibliografische gegevens
Formaat: Boek
Taal:English
Gepubliceerd in: Hague : Netherlands Association of Librarians : Central Association for Public Libraries : Netherlands Institute for Documentation and Filing, 1966.
Onderwerpen:
LEADER 00864nam a2200205 i 4500
001 c000251510
003 CARM
005 00000000000000.0
008 840412s1966 ne 000 0 eng d
019 1 |a 689876  |5 LACONCORD2021 
035 |a (OCoLC)430330  |5 LACONCORD2021 
043 |a e-ne--- 
082 0 4 |a 027.0492 
245 0 0 |a Libraries and documentation centres in the Netherlands. 
260 |a Hague :  |b Netherlands Association of Librarians : Central Association for Public Libraries : Netherlands Institute for Documentation and Filing,  |c 1966. 
300 |a 61 p., [5] p. of plates :  |b ill. 
650 0 |a Libraries  |z Netherlands. 
852 8 |b CARM  |h A2:AM17G0  |i C08613  |p 0335000  |f BK 
999 f f |i 2e5f6bd9-a8c1-5ab5-aacc-27c5db494fcf  |s ebad0c26-ec88-5ee8-80dd-6d2989d71a0d 
952 f f |p Can circulate  |a CAVAL  |b CAVAL  |c CAVAL  |d CARM 1 Store  |e C08613  |f A2:AM17G0  |h Other scheme  |i book  |m 0335000